PROBLEMS FACING PLANT BREEDING (Record no. 291063)

MARC details
000 -LEADER
fixed length control field 00399pam a2200145a 44500
008 - FIXED-LENGTH DATA ELEMENTS--GENERAL INFORMATION
fixed length control field 230405s2007 xxu||||| |||| 00| 0 eng d
041 ## - LANGUAGE CODE
Language code of text/sound track or separate title ENG
100 ## - MAIN ENTRY--PERSONAL NAME
Personal name DAS VIJENDRA
245 ## - TITLE STATEMENT
Title PROBLEMS FACING PLANT BREEDING
250 ## - EDITION STATEMENT
Edition statement 1ST ED.2000, RP.2007 Ed.
260 ## - PUBLICATION, DISTRIBUTION, ETC.
Place of publication, distribution, etc. NEW DELHI
Name of publisher, distributor, etc. CBS PUB
Date of publication, distribution, etc. 2007
300 ## - PHYSICAL DESCRIPTION
Extent 242p.
440 ## - SERIES STATEMENT/ADDED ENTRY--TITLE
Title BHARATI GRAHAK BHANDAR,BILL NO. 4424, DT-16/08/2018
906 ## - LOCAL DATA ELEMENT F, LDF (RLIN)
a 2185
Holdings
Withdrawn status Lost status Damaged status Not for loan Collection Home library Current library Shelving location Date acquired Total Checkouts Barcode Date last seen Price effective from Koha item type
          Loknete Mohanrao Kadam College of Agriculture, Kadegaon, Sangli Loknete Mohanrao Kadam College of Agriculture, Kadegaon, Sangli   08/12/2020   AGK-5906 17/04/2023 17/04/2023 Book
          Loknete Mohanrao Kadam College of Agriculture, Kadegaon, Sangli Loknete Mohanrao Kadam College of Agriculture, Kadegaon, Sangli   19/10/2020   AGK-5905 17/04/2023 17/04/2023 Book